| 000 | 00813nam a2200253 4500 | ||
|---|---|---|---|
| 005 | 20150520082411.0 | ||
| 008 | 150520b mx||||| |||| 00| 0 spa d | ||
| 020 | _a9681906977 | ||
| 050 | 0 | 4 |
_aHX73 _bG53 2000 |
| 100 | 1 | _aGiddens, Anthony | |
| 245 | 1 | 3 |
_aLa tercera vía _b : la renovación de la socialdemocracia _c / Anthony Giddens ; traducción de Pedro Cifuentes Huertas |
| 250 | _a1a ed. | ||
| 260 |
_aMéxico : _bTaurus, _c2000 |
||
| 300 |
_a198 p. ; _c21 cm. |
||
| 490 | 0 | _aPensamiento | |
| 500 | _aTraducción de : The third way | ||
| 504 | _aIncluye bibliografía e índice | ||
| 650 | 7 |
_2lemb _aSocialismo |
|
| 650 | 7 |
_2lemb _aComunismo |
|
| 650 | 7 |
_2lemb _aDerecha e izquierda (Política) |
|
| 650 | 7 |
_2lemb _aEstado benefactor |
|
| 700 | 1 |
_aCifuentes Huertas, Pedro _etr. |
|
| 942 |
_2lcc _cLIB |
||
| 999 |
_c93217 _d93217 |
||